| 000 | 00809cab a2200241 4500 | ||
|---|---|---|---|
| 001 | ABS61058 | ||
| 008 | 090401t1999 xxu||||| |||| 00| 0 eng d | ||
| 035 | _a(Sirsi) u121 | ||
| 041 | _aeng | ||
| 100 | _aWhite, N. | ||
| 245 | _aWoolf's teeth. | ||
| 260 | _c1999 | ||
| 350 | _a0 | ||
| 490 |
_aBuilding _v264(8099) 6 August 1999, 60(1) |
||
| 520 | _aLooks at plans for a pre-litigation protocol, which make up part of the Woolf reforms. The new protocol will encourage parties to settle disputes through dispute resolution, rather than through court action. Parties not following the protocol will face heavy legal costs. | ||
| 650 | _aCIVIL PROCEDURE RULES | ||
| 650 | _aLITIGATION | ||
| 650 | _aPRE-ACTION PROTOCOL | ||
| 650 | _aWOOLF REFORMS | ||
| 690 | _aLAW | ||
| 942 | _n0 | ||
| 948 | _c02/09/1999 | ||
| 999 |
_c45 _d45 |
||